000 01302cam a2200433 4500
001 B3443
008 090401t1990 xxu||||| |||| 00| 0 eng d
035 _a(Sirsi) u56052
041 _aeng
050 _a333.70285
110 _aAssociation for Geographic Information
_9166
245 _aAGI 90: GIS - the key to managing information: second national conference and exhibition...Brighton... 22-24 October 1990
260 _aLondon
_bAssociation for Geographic Information
_c1990
300 _alv.(loose-leaf) ; 30cm.
350 _a12.5
650 _aAERIAL PHOTOGRAPHY
650 _aBRITISH GAS
650 _aBRITISH TELECOM
650 _aCHI SQUARE
650 _aCIVIL ENGINEERING
650 _aDIGITAL GEOGRAPHIC INFORMATION WORKING GROUP
650 _aDIGITAL MAPPING
650 _aFLOOD DEFENCE
650 _aGIS
650 _aLYONNAISE DES EAUX GROUP
650 _aMANWEB
650 _aMILTON KEYNES
650 _aNATIONAL RIVERS AUTHORITY
650 _aNATIONAL TRANSFER FORMAT
650 _aNATIONWIDE ANGLIA BUILDING SOCIETY
650 _aNORTHERN IRELAND
650 _aORDNANCE SURVEY
650 _aRASTER SCANNING
650 _aSHROPSHIRE
650 _aUNITED STATES OF AMERICA
650 _aVECTOR DIGITIZING
942 _n0
948 _c04/03/1997
999 _c93710
_d93710